[Event "Samara-ch"]
[Site "Samara"]
[Date "2009.04.30"]
[Round "9"]
[White "Krasnov, Vladimir"]
[Black "Fomichev, Sergey"]
[Result "0-1"]
[WhiteElo "2150"]
[BlackElo "2074"]
[PlyCount "60"]
[EventDate "2009.04.07"]
[EventType "swiss"]
[EventRounds "9"]
[EventCountry "RUS"]
[SourceTitle "EXT 2012"]
[Source "ChessBase"]
[SourceDate "2011.11.24"]
[SourceVersion "1"]
[SourceVersionDate "2011.11.24"]
[SourceQuality "1"]

1. e4 c5 2. Nf3 Nc6 3. d4 cxd4 4. Nxd4 e5 5. Nxc6 dxc6 6. Qxd8+ Kxd8 7. Bc4 Nf6 8. Bg5 Ke7 9. Nc3 Be6 10. Bxe6 Kxe6 11. 0-0-0 Ng4 12. Rdf1 Bc5 13. Nd1 h6 14. Bd2 Rhd8 15. f3 Nf6 16. Nc3 b5 17. Rd1 Nd7 18. Rhe1 Nb6 19. b3 a5 20. Nb1 a4 21. Be3 axb3 22. Rxd8 Bxe3+ 23. Rxe3 b2+ 24. Kxb2 Rxd8 25. Rd3 Nc4+ 26. Kc3 Ra8 27. Kb3 Ra4 28. Nc3 Na5+ 29. Kb2 Rb4+ 30. Ka3 c5 0-1

[Event "Samara-ch"]
[Site "Samara"]
[Date "2009.04.21"]
[Round "5"]
[White "Krasnov, Vladimir"]
[Black "Smetanov, Alexander"]
[Result "1-0"]
[WhiteElo "2150"]
[BlackElo "1789"]
[PlyCount "65"]
[EventDate "2009.04.07"]
[EventType "swiss"]
[EventRounds "9"]
[EventCountry "RUS"]
[SourceTitle "EXT 2012"]
[Source "ChessBase"]
[SourceDate "2011.11.24"]
[SourceVersion "1"]
[SourceVersionDate "2011.11.24"]
[SourceQuality "1"]

1. e4 e6 2. d4 d5 3. e5 c5 4. c3 Nc6 5. Nf3 Qb6 6. a3 f6 7. Be2 Bd7 8. 0-0 c4 9. Nbd2 0-0-0 10. b3 fxe5 11. dxe5 Na5 12. bxc4 dxc4 13. Nd4 Bc5 14. Ne4 Ne7 15. Bg5 h6 16. Bxe7 Bxe7 17. Qc2 Qc7 18. f4 g5 19. Bg4 Bc5 20. Kh1 Bxd4 21. cxd4 h5 22. Be2 gxf4 23. Nd6+ Kb8 24. Rxf4 Rdf8 25. Raf1 Rxf4 26. Rxf4 Qb6 27. Bxc4 Nxc4 28. Qxc4 Bc6 29. Qf1 Qb2 30. Rf8+ Rxf8 31. Qxf8+ Kc7 32. Qc8+ Kb6 33. Nc4+ 1-0

[Event "Samara Mayak Rating"]
[Site "Samara"]
[Date "2008.03.23"]
[Round "1"]
[White "Ostashevsky, Gennady"]
[Black "Krasnov, Vladimir"]
[Result "1/2-1/2"]
[WhiteElo "2183"]
[BlackElo "2235"]
[PlyCount "75"]
[EventDate "2008.03.23"]
[EventType "tourn"]
[EventRounds "9"]
[EventCountry "RUS"]
[SourceTitle "EXT 2022"]
[Source "ChessBase"]
[SourceDate "2021.10.06"]
[SourceVersion "1"]
[SourceVersionDate "2021.10.06"]
[SourceQuality "1"]

1. e4 c5 2. f4 e6 3. Nf3 d5 4. Nc3 Nc6 5. Bb5 Nf6 6. e5 Nd7 7. 0-0 Qb6 8. f5 c4+ 9. d4 cxd3+ 10. Kh1 dxc2 11. Qxc2 Be7 12. fxe6 fxe6 13. Bf4 Nf8 14. a3 Bd7 15. b4 Rc8 16. Qd3 Ng6 17. Bg3 0-0 18. Ba4 a6 19. Nxd5 exd5 20. Qxd5+ Kh8 21. Qxd7 Rcd8 22. Qe6 Qc7 23. h4 Nf4 24. Qa2 Nxe5 25. Nxe5 Qxe5 26. Rae1 Qc7 27. Rf3 Bd6 28. Ref1 Rf6 29. Qd2 Rdf8 30. Bb3 h6 31. Bc2 Be5 32. Bxf4 Bxf4 33. Qd3 g6 34. g3 Qc6 35. gxf4 Rxf4 36. Kg2 Rxf3 37. Rxf3 Rxf3 38. Qxf3 1/2-1/2

[Event "Samara Region-ch"]
[Site "Samara"]
[Date "2007.12.23"]
[Round "9"]
[White "Krasnov, Vladimir"]
[Black "Pogorelskikh, Sergey"]
[Result "1/2-1/2"]
[WhiteElo "2235"]
[BlackElo "2283"]
[PlyCount "89"]
[EventDate "2007.12.15"]
[EventType "tourn"]
[EventRounds "9"]
[EventCountry "RUS"]
[SourceTitle "CBM 122 Extra"]
[Source "ChessBase"]
[SourceDate "2008.03.04"]
[SourceVersion "1"]
[SourceVersionDate "2008.03.04"]
[SourceQuality "1"]

1. e4 Nc6 2. Nc3 d6 3. d4 Nf6 4. Nf3 Bg4 5. Be2 g6 6. 0-0 Bg7 7. d5 Nb8 8. Bf4 0-0 9. h3 Bxf3 10. Bxf3 Nfd7 11. Qd2 c5 12. Bh6 Na6 13. Bxg7 Kxg7 14. Be2 Nc7 15. a4 Rb8 16. Nd1 Nf6 17. f3 e5 18. dxe6 fxe6 19. Ne3 d5 20. e5 Nh5 21. Ng4 Qe7 22. Kh2 Kh8 23. g3 g5 24. Kg2 Ng7 25. Nf6 Nce8 26. Qxg5 Nxf6 27. exf6 Rxf6 28. Qe5 Rbf8 29. f4 Rf5 30. Qe3 Qd6 31. Bg4 R5f6 32. Rae1 h5 33. Bd1 h4 34. Qe5 Qxe5 35. Rxe5 hxg3 36. Kxg3 Kg8 37. Bg4 Kf7 38. c4 dxc4 39. Rxc5 Rd8 40. Rxc4 Rd7 41. Rc3 Kg6 42. Re1 Rd4 43. b3 Rdxf4 44. Re5 Rb4 45. Rb5 1/2-1/2

[Event "Samara Region-ch"]
[Site "Samara"]
[Date "2007.12.20"]
[Round "6"]
[White "Krasnov, Vladimir"]
[Black "Natacheev, Peter"]
[Result "1-0"]
[WhiteElo "2235"]
[BlackElo "2144"]
[PlyCount "35"]
[EventDate "2007.12.15"]
[EventType "tourn"]
[EventRounds "9"]
[EventCountry "RUS"]
[SourceTitle "CBM 122 Extra"]
[Source "ChessBase"]
[SourceDate "2008.03.04"]
[SourceVersion "1"]
[SourceVersionDate "2008.03.04"]
[SourceQuality "1"]

1. e4 c5 2. Nf3 a6 3. Nc3 Nc6 4. d4 cxd4 5. Nxd4 e5 6. Nxc6 bxc6 7. Bd3 Bc5 8. 0-0 Nf6 9. Kh1 d5 10. Bg5 d4 11. Ne2 h6 12. Bxf6 Qxf6 13. f4 exf4 14. Nxf4 Bd6 15. e5 Bxe5 16. Qe2 Qe7 17. Rae1 Bd6 18. Qf3 1-0

[Event "Samara Region-ch"]
[Site "Samara"]
[Date "2007.12.19"]
[Round "5"]
[White "Kniazev, Alexander V"]
[Black "Krasnov, Vladimir"]
[Result "1-0"]
[WhiteElo "2339"]
[BlackElo "2235"]
[PlyCount "85"]
[EventDate "2007.12.15"]
[EventType "tourn"]
[EventRounds "9"]
[EventCountry "RUS"]
[SourceTitle "CBM 122 Extra"]
[Source "ChessBase"]
[SourceDate "2008.03.04"]
[SourceVersion "1"]
[SourceVersionDate "2008.03.04"]
[SourceQuality "1"]

1. a3 Nf6 2. g3 d5 3. Nf3 c5 4. c4 d4 5. b4 e6 6. Bg2 Bd6 7. e3 dxe3 8. fxe3 0-0 9. bxc5 Bxc5 10. d4 Bd6 11. 0-0 Qc7 12. Nbd2 Nc6 13. Bb2 e5 14. d5 Ne7 15. Qe2 Bg4 16. h3 Bc8 17. g4 Ng6 18. Ng5 Bd7 19. Rac1 Rae8 20. Rf2 Bc5 21. Nf1 Qb6 22. Re1 Nf4 23. Qc2 h6 24. Nf3 e4 25. Ne5 Rxe5 26. Rxf4 Rg5 27. Bxf6 gxf6 28. Qf2 h5 29. Rxf6 Qd8 30. Ng3 Be7 31. Nxe4 Rg6 32. Rxg6+ fxg6 33. Qe2 hxg4 34. hxg4 Bxa3 35. c5 Qh4 36. Rf1 Rxf1+ 37. Qxf1 Bxg4 38. Qf6 Qe1+ 39. Kh2 Bf5 40. Qd8+ Kg7 41. Qe7+ Kh6 42. Qf8+ Kh5 43. Qh8+ 1-0

[Event "Samara Region-ch"]
[Site "Samara"]
[Date "2007.12.17"]
[Round "3"]
[White "Knyazev, Viktor"]
[Black "Krasnov, Vladimir"]
[Result "1-0"]
[WhiteElo "2219"]
[BlackElo "2235"]
[PlyCount "67"]
[EventDate "2007.12.15"]
[EventType "tourn"]
[EventRounds "9"]
[EventCountry "RUS"]
[SourceTitle "CBM 122 Extra"]
[Source "ChessBase"]
[SourceDate "2008.03.04"]
[SourceVersion "1"]
[SourceVersionDate "2008.03.04"]
[SourceQuality "1"]

1. d4 Nf6 2. c4 g6 3. Nc3 Bg7 4. e4 d6 5. h3 0-0 6. Bg5 c6 7. Nf3 a6 8. Bd3 b5 9. 0-0 Nbd7 10. e5 dxe5 11. dxe5 Ne8 12. Be4 Bb7 13. cxb5 axb5 14. Nxb5 h6 15. Bh4 g5 16. Bg3 Nc5 17. Nc3 Nc7 18. Nd4 Nxe4 19. Nxe4 Qd5 20. Nc3 Qa5 21. Nf5 e6 22. Nxg7 Kxg7 23. f4 Nd5 24. fxg5 hxg5 25. Qh5 Ne7 26. Qxg5+ Ng6 27. Ne4 Qd8 28. Nf6 Ba6 29. Rfd1 Qb6+ 30. Bf2 Qxb2 31. Nh5+ Kh7 32. Be3 Qxe5 33. Qh6+ Kg8 34. Bd4 1-0

[Event "Russia CC-ch"]
[Site "Russia"]
[Date "2007.03.31"]
[Round "9"]
[White "Sakletin, Vasily"]
[Black "Krasnov, Vladimir"]
[Result "1/2-1/2"]
[WhiteElo "2127"]
[BlackElo "2256"]
[PlyCount "50"]
[EventDate "2007.03.17"]
[EventType "tourn"]
[EventRounds "9"]
[EventCountry "RUS"]
[SourceTitle "EXT 2008"]
[Source "ChessBase"]
[SourceDate "2007.11.25"]
[SourceVersion "1"]
[SourceVersionDate "2007.11.25"]
[SourceQuality "1"]

1. c4 c5 2. Nc3 Nc6 3. Nf3 g6 4. g3 Bg7 5. Bg2 Nf6 6. d3 0-0 7. 0-0 d6 8. a3 a6 9. Rb1 Be6 10. h3 Rb8 11. Bd2 h6 12. e4 Qd7 13. Kh2 b5 14. b3 bxc4 15. dxc4 Qc7 16. Nd5 Bxd5 17. exd5 Nd4 18. Nxd4 cxd4 19. Qe2 Rfe8 20. f4 Nd7 21. b4 Nb6 22. Rbc1 e6 23. dxe6 Rxe6 24. Qd3 Rbe8 25. Bf3 Re3 1/2-1/2

[Event "Russia CC-ch"]
[Site "Russia"]
[Date "2007.03.27"]
[Round "7"]
[White "Krasnov, Vladimir"]
[Black "Fomichev, Sergey"]
[Result "1-0"]
[WhiteElo "2256"]
[BlackElo "2095"]
[PlyCount "71"]
[EventDate "2007.03.17"]
[EventType "tourn"]
[EventRounds "9"]
[EventCountry "RUS"]
[SourceTitle "EXT 2008"]
[Source "ChessBase"]
[SourceDate "2007.11.25"]
[SourceVersion "1"]
[SourceVersionDate "2007.11.25"]
[SourceQuality "1"]

1. e4 c5 2. Nf3 Nc6 3. Bb5 g6 4. Bxc6 dxc6 5. d3 Bg7 6. h3 e5 7. Be3 Qe7 8. Nc3 Nf6 9. Qd2 h6 10. 0-0 g5 11. Nh2 Nh5 12. Ne2 Nf4 13. a3 a5 14. Ng3 0-0 15. Rfe1 Qd6 16. Ng4 f5 17. exf5 Bxf5 18. Qc3 Ne6 19. Ne4 Bxe4 20. dxe4 b5 21. Rad1 Nd4 22. Qd2 Qe7 23. c3 Rfd8 24. cxd4 exd4 25. Qc2 h5 26. Qc1 dxe3 27. Nxe3 Qxe4 28. Qxc5 Qg6 29. Nf5 Bf8 30. Qc2 Qf6 31. g4 hxg4 32. hxg4 Rxd1 33. Rxd1 Re8 34. Rd7 Qe6 35. Rc7 c5 36. Ng3 1-0

[Event "Russia CC-ch"]
[Site "Russia"]
[Date "2007.03.17"]
[Round "1"]
[White "Krasnov, Vladimir"]
[Black "Pogorelskikh, Sergey"]
[Result "1-0"]
[WhiteElo "2256"]
[BlackElo "2283"]
[PlyCount "53"]
[EventDate "2007.03.17"]
[EventType "tourn"]
[EventRounds "9"]
[EventCountry "RUS"]
[SourceTitle "EXT 2008"]
[Source "ChessBase"]
[SourceDate "2007.11.25"]
[SourceVersion "1"]
[SourceVersionDate "2007.11.25"]
[SourceQuality "1"]

1. e4 Nc6 2. d4 d5 3. Nc3 Nf6 4. e5 Ng8 5. f4 h5 6. Be2 g6 7. Bf3 Be6 8. f5 Bxf5 9. Nxd5 e6 10. Ne3 Nxd4 11. Bxb7 Rb8 12. Nxf5 gxf5 13. Nf3 Nxf3+ 14. Bxf3 Qxd1+ 15. Kxd1 Bg7 16. Re1 Rd8+ 17. Bd2 Bh6 18. Re2 Ne7 19. Ke1 Bxd2+ 20. Rxd2 Ng6 21. Re2 h4 22. Rd1 Ke7 23. c4 c5 24. Rdd2 Rb8 25. Kd1 Rb6 26. Kc2 Ra6 27. Kb1 1-0

[Event "Samara Region-ch HL"]
[Site "Samara"]
[Date "2006.12.??"]
[Round "8"]
[White "Alavkin, Arseny Nailievich"]
[Black "Krasnov, Vladimir"]
[Result "1-0"]
[WhiteElo "2504"]
[BlackElo "2256"]
[PlyCount "66"]
[EventDate "2006.12.07"]
[EventType "tourn"]
[EventRounds "9"]
[EventCountry "RUS"]
[EventCategory "2"]
[SourceTitle "EXT 2019"]
[Source "ChessBase"]
[SourceDate "2018.10.10"]
[SourceVersion "1"]
[SourceVersionDate "2018.10.10"]
[SourceQuality "1"]

1. e4 c5 2. Nf3 d6 3. Bb5+ Nd7 4. d4 cxd4 5. Qxd4 a6 6. Bxd7+ Bxd7 7. Nc3 h6 8. 0-0 e5 9. Qd3 Nf6 10. a4 Be7 11. Nd2 0-0 12. Nc4 Be6 13. Ne3 Rc8 14. Bd2 Rc5 15. a5 Qc7 16. b3 Rd8 17. Na4 Rc6 18. c4 Qb8 19. Nb6 Nd7 20. Nbd5 Bf8 21. b4 Qa7 22. Bc3 b6 23. axb6 Qb7 24. b5 axb5 25. cxb5 Rcc8 26. Ra7 Qb8 27. Ba5 Nc5 28. Qb1 Nb7 29. Bb4 Bxd5 30. Nxd5 Rc4 31. Qd3 Rd4 32. Qf3 f6 33. Qf5 Rxd5 1-0

[Event "Samara Region-ch HL"]
[Site "Samara"]
[Date "2006.12.??"]
[Round "3"]
[White "Iliushkin, Evgeny"]
[Black "Krasnov, Vladimir"]
[Result "1/2-1/2"]
[WhiteElo "2310"]
[BlackElo "2256"]
[PlyCount "82"]
[EventDate "2006.12.07"]
[EventType "tourn"]
[EventRounds "9"]
[EventCountry "RUS"]
[EventCategory "2"]
[SourceTitle "EXT 2019"]
[Source "ChessBase"]
[SourceDate "2018.10.10"]
[SourceVersion "1"]
[SourceVersionDate "2018.10.10"]
[SourceQuality "1"]

1. d4 Nf6 2. c4 c5 3. d5 e6 4. Nc3 exd5 5. cxd5 d6 6. e4 g6 7. Nf3 Bg7 8. Be2 0-0 9. 0-0 a6 10. a4 Bg4 11. Nd2 Bxe2 12. Qxe2 Nbd7 13. Nc4 Qe7 14. Bf4 Ne8 15. Rfe1 Ne5 16. Nb6 Rd8 17. Bg3 g5 18. Nd1 Qc7 19. a5 f5 20. exf5 Rxf5 21. Ra4 Rf8 22. h4 h6 23. Ne3 Qf7 24. b3 Nc7 25. hxg5 hxg5 26. Bxe5 Bxe5 27. Ng4 Bg7 28. Qd2 Qf5 29. Rae4 Nb5 30. R1e3 Qg6 31. Re6 Qf7 32. Nh6+ Bxh6 33. Rxh6 Kg7 34. Ree6 Nd4 35. Reg6+ Qxg6 36. Rxg6+ Kxg6 37. b4 Rde8 38. Qd3+ Kg7 39. bxc5 dxc5 40. Qc4 Kf6 41. Qd3 Kg7 1/2-1/2

[Event "Samara Region-ch HL"]
[Site "Samara"]
[Date "2006.12.??"]
[Round "5"]
[White "Krasnov, Vladimir"]
[Black "Veprinsky, Vladimir"]
[Result "1-0"]
[WhiteElo "2256"]
[BlackElo "2207"]
[PlyCount "59"]
[EventDate "2006.12.07"]
[EventType "tourn"]
[EventRounds "9"]
[EventCountry "RUS"]
[EventCategory "2"]
[SourceTitle "EXT 2019"]
[Source "ChessBase"]
[SourceDate "2018.10.10"]
[SourceVersion "1"]
[SourceVersionDate "2018.10.10"]
[SourceQuality "1"]

1. e4 c5 2. Nf3 Nc6 3. d4 cxd4 4. Nxd4 Nf6 5. Nc3 e6 6. a3 d5 7. exd5 Nxd5 8. Nxc6 bxc6 9. Ne4 Ba6 10. c4 Qh4 11. Qd4 Be7 12. cxd5 Bxf1 13. Rxf1 0-0 14. g3 Qh5 15. d6 Rfd8 16. Qc5 Qf3 17. Nd2 Qg2 18. dxe7 Rd5 19. Qe3 Re8 20. Nf3 Rxe7 21. Bd2 Red7 22. 0-0-0 Rd3 23. Qf4 f6 24. Bb4 e5 25. Nxe5 Rxd1+ 26. Rxd1 Rxd1+ 27. Kxd1 Qf1+ 28. Kd2 Qb1 29. Qc4+ Kh8 30. Nf7+ 1-0

[Event "Samara Region-ch HL"]
[Site "Samara"]
[Date "2006.12.??"]
[Round "6"]
[White "Sayapin, Alexander"]
[Black "Krasnov, Vladimir"]
[Result "1/2-1/2"]
[WhiteElo "2017"]
[BlackElo "2256"]
[PlyCount "43"]
[EventDate "2006.12.07"]
[EventType "tourn"]
[EventRounds "9"]
[EventCountry "RUS"]
[EventCategory "2"]
[SourceTitle "EXT 2019"]
[Source "ChessBase"]
[SourceDate "2018.10.10"]
[SourceVersion "1"]
[SourceVersionDate "2018.10.10"]
[SourceQuality "1"]

1. Nf3 c5 2. b3 Nc6 3. Bb2 e6 4. e3 Nf6 5. Bb5 Qc7 6. 0-0 a6 7. Bxc6 Qxc6 8. c4 d6 9. d4 b6 10. Re1 Be7 11. e4 Qc7 12. Nc3 0-0 13. Qd2 Bb7 14. Rad1 Rad8 15. Qe3 Rfe8 16. h3 Nd7 17. d5 e5 18. Ne2 Nf8 19. Ng3 Bc8 20. Nf5 Bf6 21. g4 Ng6 22. Kh2 1/2-1/2